| 000 | 00790nam a2200253 a 4500 | ||
|---|---|---|---|
| 008 | |||
| 020 | _a0727902229 (pbk.) | ||
| 049 | _aMAIN | ||
| 090 |
_aQA276.74 _bSTA |
||
| 245 | 0 | 0 |
_aStatistics with confidence / _cedited by Martin J. Gardner and Douglas G. Altman. |
| 260 |
_aLondon : _bBritish Medical Journal, _c1989. |
||
| 300 |
_axviii, 140 p. : _bill. ; _c22 cm. |
||
| 504 | _aIncludes bibliographical references. | ||
| 500 | _aIncludes index. | ||
| 650 | 0 | _aInterval analysis (Mathematics). | |
| 700 | 1 | 0 | _aGardner, M. J. |
| 700 | 1 | 0 | _aAltman, Douglas G. |
| 730 | 0 | 1 | _aBritish medical journal. |
| 907 |
_a.b10091324 _b01-10-15 _c17-11-03 |
||
| 003 | |||
| 005 | 20230123122153.0 | ||
| 040 | _cNUST | ||
| 942 |
_cBOOKS _kQA276.74 _mSTA |
||
| 999 |
_c129036 _d129036 |
||